A fighting spirit / (Record no. 75710)

MARC details
000 -LEADER
fixed length control field 00821nam a22002297a 4500
005 - DATE AND TIME OF LATEST TRANSACTION
control field 20230628160037.0
010 ## - LCCN (DPL NO)
LC control number ENG-107182 ENG-137209
020 ## - INTERNATIONAL STANDARD BOOK NUMBER
International Standard Book Number 9789381523650
Terms of availability 595.00
035 ## - SYSTEM CONTROL NUMBER
System control number EN-90715 EN-120741
037 ## - SOURCE OF ACQUISITION
Source of stock number/acquisition DBAD/PUB
082 ## - DEWEY DECIMAL CLASSIFICATION NUMBER
Classification number 305.42095414
100 ## - MAIN ENTRY--PERSONAL NAME
Personal name Gupta, Ashoka
245 ## - TITLE STATEMENT
Title A fighting spirit /
Statement of responsibility, etc by Ashoka Gupta ; compiled and edited by Sarmistha Dutta Gupta [and] Narayani Gupta
260 ## - PUBLICATION, DISTRIBUTION, ETC. (IMPRINT)
Place of publication, distribution, etc New Delhi
Name of publisher, distributor, etc Niyogi Books
Date of publication, distribution, etc 2013
270 ## - ADDRESS
Address D-78 Okhla Industrial Area, Phase-I
City New Delhi
Postal code 110020
300 ## - PHYSICAL DESCRIPTION
Extent 191p.:
Dimensions 22cm(Hb)
Other physical details col. ill.
650 ## - SUBJECT ADDED ENTRY--TOPICAL TERM
Topical term or geographic name as entry element Women
Geographic subdivision India
-- West Bengal
General subdivision Social conditions.
650 ## - SUBJECT ADDED ENTRY--TOPICAL TERM
Topical term or geographic name as entry element Women, Bengali .
Geographic subdivision India
General subdivision Social conditions
700 ## - ADDED ENTRY--PERSONAL NAME
Personal name Gupta, Sarmistha Dutta
700 ## - ADDED ENTRY--PERSONAL NAME
Personal name Gupta, Narayani
942 ## - ADDED ENTRY ELEMENTS (KOHA)
Source of classification or shelving scheme Dewey Decimal Classification
Item type English Books
Call number suffix GUP
Classification part 305.42095414
Holdings
Withdrawn status Lost status Not for loan Collection code Home library Current library Date acquired Source of acquisition Cost, normal purchase price Full call number Barcode Copy number Cost, replacement price Koha item type
      Non-fiction Bawana Bawana 28/06/2023 DBAD/PUB 595.00 305.42095414 GUP EN-120741 1 595.00 English Books
    Not For Loan Non-fiction D.B.Act.Division D.B.Act.Division 16/05/2013 DBAD/PUB 595.00 305.42095414 GUP EN-90715 1 595.00 English Books

© Delhi Public Library
Hit Counter
free hit counter